| 000 | 00404nam a22001697a 4500 | ||
|---|---|---|---|
| 005 | 20231010113649.0 | ||
| 008 | 170123b xxu||||| |||| 00| 0 spa d | ||
| 041 | _aspa | ||
| 082 | _a155.23 C672a | ||
| 100 | _aCoelho, Paulo | ||
| 245 | _aEl Alquimista | ||
| 260 |
_aMéxico _bGrijalbo _c1997 |
||
| 300 | _a229 páginas | ||
| 650 | _aPERSONALIDAD | ||
| 650 | _aSUPERACIÓN PERSONAL | ||
| 942 |
_cLIT _2ddc |
||
| 999 |
_c8781 _d8781 |
||